| 000 | 00347 a2200157 4500 | ||
|---|---|---|---|
| 003 | Nust | ||
| 005 | 20170207153428.0 | ||
| 040 | _cNust | ||
| 082 | _a940.5 | ||
| 100 | _aSlim William | ||
| 245 | _aDefeat into Victory | ||
| 260 |
_aLondon _bBlue Line |
||
| 538 | _aAlmirah No. 54 Shelf No. 2 | ||
| 600 | _aWilliam Slim | ||
| 650 | _aDefeat into victory | ||
| 942 |
_2ddc _cBK |
||
| 999 |
_c186020 _d186020 |
||